00870cam a2200241 a 450000100100000000500170001000800410002703500190006804000240008708200190011110000410013024500700017126000490024130000220029049000240031265000380033665000330037483000310040791000280043895201230046699900300058904900090061900001304620240508200520.0850801s1963 sp 000 0 spa  a(DLC) 58018092 aDO-SdBNPcCarPdDLC a346.096bC334e1 aCasals Colldecarrera, Miguel.93015710aEstudios de oposición cambiaria /cMiguel Casals Colldecarrera. aBarcelona, España :bEditorial AHR,c1963. a1676 p. ;c23 cm.1 aJurídica A. H. R. 4aLetras de cambiozEspaña930158 0aDerecho internacional 93258 0aJurídica A. H. R.930159 aCatalogación derivada 001052708MOaGRbGRcCTd2009-11-19iLF1l0o346.096 C334ep13046-10r2020-06-25w2020-06-25y2ZPréstamo interno a1 n0000157c12689d12689 aBNGR